Контактные задачи о горизонтальных и изгибных колебаниях штампа на упругом полупространстве и их приложения: автореферат диссертации на соискание ученой степени кандидата технических наук

Chi tiết về thư mục
Tác giả chính: Сигалов Л. С. Лев Симонович
Tác giả của công ty: Саратовский политехнический институт (СПИ)
Tác giả khác: Бородачев Н. М. (научный руководитель)
Ngôn ngữ:Tiếng Nga
Được phát hành: Саратов, [Б. и.], 1967
Những chủ đề:
Định dạng: MixedMaterials Sách
KOHA link:https://koha.lib.tpu.ru/cgi-bin/koha/opac-detail.pl?biblionumber=116696

MARC

LEADER 00000nam0a2200000 4500
001 116696
005 20231101215339.0
035 |a (RuTPU)RU\TPU\book\126285 
090 |a 116696 
100 |a 20070524d1967 k y0rusy50 ca 
101 0 |a rus 
102 |a RU 
105 |a a dm 001za 
200 1 |a Контактные задачи о горизонтальных и изгибных колебаниях штампа на упругом полупространстве и их приложения  |e автореферат диссертации на соискание ученой степени кандидата технических наук  |f Л. С. Сигалов  |g Саратовский политехнический институт (СПИ) ; науч. рук. Н. М. Бородачев 
210 |a Саратов  |c [Б. и.]  |d 1967 
215 |a 15 с.  |c ил. 
320 |a Библиография: с. 14-15 (4 назв.) 
606 1 |a Упругость, теория  |x Контактные задачи  |2 stltpush  |3 (RuTPU)RU\TPU\subj\63148  |9 80192 
610 1 |a штамп на упругом полупространстве 
610 1 |a горизонтальные колебания 
610 1 |a изгибные колебания 
610 1 |a установившиеся колебания 
610 1 |a плоские круговые основания 
610 1 |a авторефераты диссертаций 
675 |a 539.3:51(04)  |v 4 
700 1 |a Сигалов  |b Л. С.  |g Лев Симонович 
702 1 |a Бородачев  |b Н. М.  |4 727 
712 0 2 |a Саратовский политехнический институт (СПИ)  |c (1960-1992)  |2 stltpush  |3 (RuTPU)RU\TPU\col\283 
801 1 |a RU  |b 63413507  |c 20070524  |g PSBO 
801 2 |a RU  |b 63413507  |c 20190220  |g PSBO 
942 |c BK